Future - Wszystkie albumy - Statystyki

Ogólne statystyki
  • Ten quiz został rozwiązany 21 razy
    17 od ostatniego zresetowania
  • Średni wynik to 12 z 29
Statystyki odpowiedzi
Hint Odpowiedź % Poprawnych
2015 DS2
93%
2024 WE DON'T TRUST YOU
86%
2014 Monster
71%
2024 WE STILL DON'T TRUST YOU
71%
2017 FUTURE
64%
2017 HNDRXX
64%
2012 Pluto
64%
2022 I NEVER LIKED YOU
57%
2024 MIXTAPE PLUTO
57%
2016 Purple Reign
57%
2017 SUPER SLIMEY
50%
2015 What A Time To Be Alive
50%
2012 Astronaut Status
43%
2011 Dirty Sprite
43%
2019 Future Hndrxx Presents: The Wizrd
43%
2020 High Off Life
43%
2020 Pluto x Baby Pluto
43%
2015 56 Nights
36%
2016 EVOL
36%
2018 Future & Juice WRLD Present... WRLD ON DRUGS
36%
2014 Honest
36%
2015 Beast Mode
29%
2018 BEASTMODE 2
29%
2012 Pluto 3D
29%
2013 F.B.G: The Movie
7%
2018 SUPERFLY (Original Motion Picture Soundtrack)
7%
2016 Project E.T.
0%
2011 Streetz Calling
0%
2011 True Story
0%
Nie znaleziono quizów pasujących do podanych kryteriów
Rozkład punktacji
Procent ludzi z każdym wynikiem
Percentyl według liczby udzielonych odpowiedzi
Twoja historia wyników
Nie rozwiązałeś tego quizu od ostatniego zresetowania